00886pam a2200289 a 45000010008000000030004000080050017000120080041000290100017000700200021000870350012001080400018001200430012001380500021001500820020001711000022001912450088002132500012003012600038003133000045003513360026003963370028004223380027004505040051004776510044005287000024005723072527OSt20260511104657.0970923s1998 nyuab b 001 0 eng  a 97038517  a039397183Xqpbk. a3072527 aDLCcDLCdDLC an-us---00aJK271b.L68 199800a320.473 LOW2211 aLowi, Theodore J.10aAmerican government :bfreedom and power /cTheodore J. Lowi and Benjamin Ginsberg. a5th ed. aNew York :bW. W. Norton,cc1998. axxiv, 762 [94] p. :bill., map ;c23 cm. atextbtxt2rdacontent aunmediatedbn2rdamedia avolumebnc2rdacarrier aIncludes bibliographical references and index. 0aUnited StatesxPolitics and government.1 aGinsberg, Benjamin.